=LDR 00000nam 2200000 4500 =001 INLIS000000000038614 =005 20130612144259 =008 ***********************************Ind** =035 ##$$a0010-061300000038614 =041 ##$$a Ind =082 ##$$a 641.865 4 =090 ##$$a 641.865 4, Res r =245 ##$$a Resep souffle ala cafe, tim ide masak; Editor, Intarina Hardiman =260 ##$$a 2011 $b Jakarta =300 ##$$a 52 hlm, Ilus, 25 cm =650 ##$$a kue (soufflle) =700 ##$$a Hardiman, Intarina =850 ##$$a NBPNMAT =990 ##$$a 21400613/BPAP-NTB/20142014